[Event "EU-Cup 24th"]
[Site "Kallithea"]
[Date "2008.10.19"]
[Round "3"]
[White "Karjakin, Sergey"]
[Black "Baramidze, David"]
[Result "1/2-1/2"]
[WhiteElo "2730"]
[BlackElo "2557"]
[Annotator "Krasenkow,M"]
[PlyCount "83"]
[EventDate "2008.10.17"]
[EventType "team-swiss"]
[EventRounds "7"]
[EventCountry "GRE"]
[SourceTitle "CBM 127"]
[Source "ChessBase"]
[SourceDate "2008.11.13"]
[SourceVersion "1"]
[SourceVersionDate "2008.11.13"]
[SourceQuality "1"]
[WhiteTeam "Kiev Kievchess"]
[BlackTeam "Hohenems"]
[WhiteTeamCountry "UKR"]
[BlackTeamCountry "AUT"]

1. d4 Nf6 2. c4 g6 3. Nc3 d5 4. cxd5 Nxd5 5. e4 Nxc3 6. bxc3 Bg7 7. Bc4 c5 8.
Ne2 O-O 9. O-O Nd7 {An old system often applied by Mikhail Botvinnik.} 10. Bg5
(10. Be3 {is the main move but the text, provoking ...h7-h6, is very logical.})
10... h6 {Other options seen in practice:} (10... Qc7 $2 11. Bxe7 Re8 12. d5
Qe5 13. d6 Qxe4 14. Bd5 Qg4 15. h3 Qh5 16. Bxf7+ {1-0 Talyzin,D (2467)
-Tikhonov,A (2168)/Moscow 2006/EXT 2008}) (10... Nf6 11. f3 cxd4 12. cxd4 h6
13. Be3 e6 14. Qd2 Kh7 15. Rac1 b6 16. Nf4 Qe7 17. e5 Ne8 18. Bd3 $16 {1-0
Zhukova,N (2471)-Petrenko,S (2313)/Elista 2004/CBM 100 ext (36)}) (10... b6 11.
e5 h6 12. Bh4 g5 13. Bg3 e6 14. f4 cxd4 15. cxd4 a6 16. Bb3 b5 17. Rc1 Bb7 18.
f5 exf5 19. Rxf5 Be4 20. Rf2 Nb6 $14 {1/2 Korobov,A (2547)-Kovchan,A (2509)/
Kharkov 2007/CBM 117 ext}) (10... Nb6 11. Bb3 Qc7 $5 (11... c4 12. Bc2 f6 13.
Be3 f5 14. Qd2 fxe4 15. Bxe4 Rf7 16. Rfe1 Qd6 17. Bh6 Bh8 18. Ng3 Nd5 19. Rac1
e6 20. Bf3 b6 21. Qe2 Qc6 22. h4 Bd7 23. h5 $36 {1-0 Nagel,R-Struthoff,G/DESC
2004/Telechess CBM 109 (36)}) 12. Qd2 (12. a4 $5) 12... e5 (12... Re8 13. Rad1
Bg4 14. h3 Bxe2 15. Qxe2 Rad8 16. Be3 c4 17. Bc2 e5 18. a4 Nd7 19. f4 exd4 20.
cxd4 Nf6 21. e5 Nd5 $13 {1-0 Letelier Martner,R-Eliskases,E/Mar del Plata 1951/
MCL (38)}) 13. Rad1 Re8 14. d5 c4 15. Bc2 Bd7 16. h4 Nc8 17. h5 Nd6 18. h6 Bh8
19. f4 Qc5+ 20. Kh1 exf4 21. Qxf4 f5 22. exf5 Bxf5 23. Bxf5 Nxf5 24. Qg4 Be5
$13 {1/2 Socko,M (2375)-Petrenko,S (2336)/Leon 2001/EXT 2002 (64)}) 11. Be3 (
11. Bh4 Nb6 12. Bb3 Qc7 13. f3 e5 14. d5 c4 15. Bc2 Bd7 16. Qd2 Nc8 17. Bf2 g5
18. Ng3 Nd6 19. Rfd1 f6 20. Nh5 Bh8 21. Rab1 b5 22. Be3 Rfb8 23. Qf2 Be8 24.
Ng3 Bg7 25. Qe1 Bf8 26. Nh1 a5 27. a3 Nb7 28. Ra1 Nc5 {1/2 Bellmann,H (2160)
-Fomin,V (2445)/corr 1998/Telechess 86/[Bellmann]}) 11... Qc7 (11... Qa5 $5 12.
Rb1 Nb6 13. Bb3 cxd4 14. cxd4 Bd7 15. Nf4 e6 16. Re1 Rac8 17. d5 exd5 18. Bxb6
axb6 19. Bxd5 Kh7 20. Bxb7 Ba4 21. Qd5 Rc5 22. Qd6 Bc2 23. Rbc1 Qa7 {1/2
Chekhov,V (2535)-Fernandez Aguado,J/Barcelona 1984/EXT 1999}) 12. Rc1 b6 $146 {
Hardly a successful novelty.} (12... Nb6 13. Bb3 c4 14. Bc2 Bd7 15. Qd2 Kh7 16.
Ng3 e6 17. e5 Nd5 18. Rfe1 Nxe3 19. Rxe3 Qd8 20. Nh5 Qg5 21. Qe2 Rac8 22. f4
Qe7 23. Qg4 $16 {1-0 Juergens,N-Bilo,H/Detmold 1960/EXT 2001 (43)}) (12... Rb8
13. Nf4 b5 14. Bb3 c4 15. Bc2 Rd8 16. Qf3 Bb7 17. Qh3 e5 18. Ne2 h5 19. f4 exd4
20. Nxd4 Bc8 21. Qh4 $36 {1-0 Murey,J (2460)-Gutman,L (2445)/Holon 1986/EXT
1997 (38)}) (12... a6 13. Qd2 (13. Nf4 $5 {Levenfish}) 13... Kh7 14. Bd3 b5 15.
Nf4 e5 16. Nd5 Qd6 17. dxc5 Nxc5 18. c4 Nxd3 19. Qxd3 Rd8 20. c5 (20. Bb6 $14)
20... Qc6 21. Rfd1 Be6 22. Rd2 Rd7 23. Rcd1 a5 24. a3 Rad8 25. Qb3 Rb8 26. f3
Rdb7 $132 {1/2 Bronstein,D-Botvinnik,M/Moscow 1951/MainBase (49)}) 13. Qd2 (13.
Nf4 $5) 13... Kh7 14. e5 Bb7 15. e6 Nf6 $5 {Losing the opening battle, Black
looks for tactical complications.} (15... fxe6 16. Nf4 $16) 16. exf7 {[%csl
Gf7]} e5 $5 17. dxc5 (17. dxe5 $143 Ng4 $1 (17... Qxe5 $2 18. Nf4 Rad8 19. Qe2)
18. Bf4 (18. Nf4 Nxe5 19. Be6 (19. Ne6 $4 Qc6) 19... Nxf7) 18... Rad8 19. Qc2
Nxe5 20. f3 Qe7 $44) 17... Rad8 18. Qe1 (18. Qb2 $142 $1 {[%cal Rc5b6] not
fearing} Ng4 (18... bxc5 19. Rfd1 $14) (18... Nd5 19. Bxd5) (18... Bd5 19. Qb3
$14) {in view of} 19. Qb5 $1 Nxe3 (19... Bc6 20. cxb6 Qb7 21. Qa6 $1) (19... e4
20. Nf4) 20. fxe3 Bc6 21. Qb4 {and White keeps material advantage.}) 18... b5
$6 (18... Ng4 19. Ng3 Qc6 $140 $2 20. f3) (18... Nd5 $142 $5 $14) 19. Bb3 (19.
Bxb5 Bxg2 $1 20. Kxg2 Qb7+ 21. f3 Qxb5 22. c4 Qa4 $44) 19... Ng4 {[%cal Rc7c6]}
(19... Nd5 20. c4 $1) 20. Ng3 Rd3 21. Bd2 $1 {White must make several
defensive moves but his strong f7 pawn remains alive!} Rfd8 (21... Qxc5 22. Qe2
Qc6 23. f3 $16) (21... Qc6 22. f3 Qxc5+ 23. Kh1 $16) 22. Rc2 (22. Rd1 $142 $5
Qxc5 23. Qe2 h5 24. Bg5 $16) 22... a5 $1 {[%csl Rb3]} 23. a3 $2 {Losing this
pawn and the whole advantage.} (23. f3 {was insufficient in view of} Qxc5+ 24.
Kh1 a4 $1 25. Be6 (25. fxg4 axb3 26. axb3 Qd5) 25... Nf6 $44 {[%cal Rc5d6]}) (
23. Bc1 $1 {This prophylactical move was the only way to keep better prospects:
} a4 (23... Qc6 24. f3 a4 (24... Qxc5+ 25. Kh1 Ne3 26. Bxe3 Rxe3 27. Qf2 $16)
25. fxg4 axb3 26. axb3 Qxc5+ 27. Kh1 $16) 24. Be6 Nf6 (24... Qc6 25. Qe4 $1)
25. f4 $1 Qxc5+ 26. Kh1 exf4 27. Bxf4 b4 $1 28. c4 b3 29. Re2 $16) 23... Qc6
24. f3 Qxc5+ 25. Kh1 Qxa3 $13 {[%csl Ga5] The passed a-pawn now gives Black
good counterplay.} 26. Ba2 Qd6 27. Bc1 Nf6 28. Qe2 Rd1 29. Be3 Bf8 30. Rc1
Rxf1+ 31. Qxf1 Bd5 (31... Nd5 $5) 32. Rd1 $6 (32. Bxd5 $142 Qxd5 (32... Nxd5
33. Bf2 {[%cal Yg3e4]}) 33. Bb6 Ra8 34. f4 $1 $132) 32... Qb8 (32... Qc7 $142
$1 $17 33. Bxd5 $140 Nxd5 34. Qd3 Qxf7) 33. Bxd5 Rxd5 (33... Nxd5 34. Qd3 $132)
34. Ne4 $1 Rxd1 35. Nxf6+ Kg7 36. Qxd1 Kxf6 37. f4 $1 {Opening up the black
king to achieve perpetual.} exf4 (37... Qb7 $5 38. fxe5+ Kxf7 39. e6+ $1 (39.
Qf1+ $5 Kg8 40. e6) 39... Kxe6 40. Qb1 $11 {[%cal Rb1g6,Rb1a2]}) 38. Bd4+ Kxf7
39. Qb3+ Ke7 40. Bc5+ (40. Qd5 b4 {doesn't change anything.}) 40... Kf6 41.
Bd4+ Ke7 42. Bc5+ 1/2-1/2

[Event "EU-chT (Men) 16th"]
[Site "Heraklion"]
[Date "2007.11.06"]
[Round "9.1"]
[White "Beliavsky, Alexander G"]
[Black "Shirov, Alexei"]
[Result "0-1"]
[WhiteElo "2646"]
[BlackElo "2739"]
[Annotator "Krasenkow,M"]
[PlyCount "78"]
[EventDate "2007.10.28"]
[EventType "team-swiss"]
[EventRounds "9"]
[EventCountry "GRE"]
[SourceTitle "CBM 121"]
[Source "ChessBase"]
[SourceDate "2007.11.14"]
[SourceVersion "1"]
[SourceVersionDate "2007.11.14"]
[SourceQuality "1"]
[WhiteTeam "Slovenia"]
[BlackTeam "Spain"]
[WhiteTeamCountry "SLO"]
[BlackTeamCountry "ESP"]

1. d4 Nf6 2. c4 g6 3. Nc3 d5 4. cxd5 Nxd5 5. e4 Nxc3 6. bxc3 Bg7 7. Bc4 c5 8.
Ne2 Nc6 9. Be3 O-O 10. O-O Bg4 11. f3 Na5 12. Bd5 {A rare, quite harmless
system.} Bd7 {Even better than} (12... cxd4 13. cxd4 Bd7 14. Rb1 a6 15. Bxb7
Ra7 16. Bd5 Bb5 17. a4 Bxe2 18. Qxe2 e6 {, which is quite drawish.}) 13. Rb1
Qc7 14. Bf4 Qc8 15. e5 Bc6 $146 {[%mdl 8] A logical novelty forcing the bishop
exchange.} (15... Be6 16. Be4 $1 (16. Bxe6 $6 Qxe6 17. Qa4 b6 18. dxc5 Bxe5 19.
Nd4 Qd5 20. Bxe5 Qxe5 21. cxb6 Qe3+ 22. Kh1 axb6 23. Qb4 Rfc8 24. Rfe1 Qxc3 25.
Qxc3 Rxc3 26. Rxe7 Rd8 27. Ne2 Rc2 $17 {0-1 Starck,B-Kalinichev,S/Dresden II
1985/Inf 41 (36)}) 16... Bc4 17. Qa4 $5 (17. Re1 $5) 17... Bxe2 18. Rf2 Ba6 (
18... cxd4 $1 19. Rxe2 d3 $13 {Simonchini}) 19. Qxa5 cxd4 20. cxd4 Qd7 21. Be3
Rac8 22. Rfb2 Rc7 23. f4 e6 24. d5 exd5 25. Bxd5 Rfc8 26. Rd1 $14 {1-0
Simoncini,R-Denaro/corr 1989/Inf 51/[Simoncini,R] (41)}) (15... Rd8 16. Be4 Be8
(16... Bc6 17. d5 Be8 18. Qe1 Nc4 19. Qg3 (19. d6 $1 $16) 19... b5 20. Rbd1 Rb8
21. h4 Rb6 22. h5 Ra6 $132 {0-1 Belov,V-Neverov,V/Minsk 2000/EXT 2001 (28)})
17. Qc1 (17. Bg5 $5) 17... Bc6 18. Qa3 b6 19. Rbd1 Bxe4 20. fxe4 cxd4 (20...
Qc6 $5) 21. cxd4 Qd7 22. Bg5 Nc6 23. Qf3 Rf8 $13 {0-1 Henriksen,G-Bjerke,R/
Gausdal 1988/EXT 1997 (26)}) 16. Be4 b6 17. Qd3 (17. d5 Rd8 18. Qd3 Bxd5 $1 19.
Bxd5 e6 20. c4 exd5 21. cxd5 Re8 {[%csl Re5]}) 17... Rd8 18. Rfd1 Bxe4 19. Qxe4
Qb7 20. d5 Qa6 21. Bg5 Qc4 (21... Re8 $5 $13 {was probably more solid.}) 22.
Bxe7 $2 {[%mdl 16384] White replies with a bad mistake.} (22. Ng3 $1 Qxe4 23.
Nxe4 Bxe5 24. Bxe7 Rd7 25. Bf6 Bf4 26. Rb2 Nc4 27. Re2 $14) 22... Qxe4 23. fxe4
Re8 24. Bf6 (24. d6 Nc6) (24. Bd6 Bxe5 25. Bxe5 Rxe5 26. Ng3 Nc4 {[%csl Re4]
[%cal Yc4d6,Ya8e8,Yh7h5] is not much better}) 24... Bxf6 25. exf6 Rxe4 $17 {
[%csl Ra2,Rc3,Rd5,Rf6] White's pawn structure is ruined.} 26. Ng3 Re5 27. Rb2
Nc4 28. Re2 Rxe2 29. Nxe2 Ne3 30. Rd3 Ng4 31. Rf3 Re8 32. Ng3 Re1+ 33. Nf1 Kf8
34. c4 Rc1 35. Ra3 Nxf6 36. Rxa7 {Desperation.} Ne4 37. g3 Nd2 38. d6 Rxf1+ 39.
Kg2 Ke8 0-1

[Event "Foros Aerosvit 3rd"]
[Site "Foros"]
[Date "2008.06.08"]
[Round "1"]
[White "Van Wely, Loek"]
[Black "Shirov, Alexei"]
[Result "0-1"]
[WhiteElo "2677"]
[BlackElo "2740"]
[Annotator "Krasenkow,M"]
[PlyCount "82"]
[EventDate "2008.06.08"]
[EventType "tourn"]
[EventRounds "11"]
[EventCountry "UKR"]
[EventCategory "19"]
[SourceTitle "CBM 125"]
[Source "ChessBase"]
[SourceDate "2008.07.30"]
[SourceVersion "1"]
[SourceVersionDate "2008.07.30"]
[SourceQuality "1"]

1. d4 Nf6 2. c4 g6 3. Nc3 d5 4. cxd5 Nxd5 5. e4 Nxc3 6. bxc3 Bg7 7. Bc4 c5 8.
Ne2 Nc6 9. Be3 O-O 10. O-O Na5 11. Bd3 b6 12. Rc1 e5 {This line was examined
in CBM 112, annotations to Topalov-Svidler, where I assessed it as dubious.
However, further games have cast new light on this move.} 13. dxc5 (13. dxe5 $5
Bxe5 14. f4 Bg7 15. Ng3 (15. e5 Be6 16. c4 Qd7 17. Qc2 Rad8 18. Rcd1 Qe7 $15
19. Ng3 $6 Rxd3 20. Qxd3 Bxc4 21. Qd7 Qxd7 22. Rxd7 Bxf1 23. Kxf1 Nc4 24. Bc1
f6 $1 $17 {0-1 Berczes,D-Flumbort,A/Hungary 2006/EXT 2007 (50)}) 15... Bg4 (
15... Be6 16. Qe2) 16. Qc2 Be6 (16... Qd7 $5) 17. Qe2 Bxa2 18. e5 $44 Bd5 $6 (
18... Bb3) 19. Rcd1 Bb3 20. Bxg6 fxg6 21. Rxd8 Raxd8 22. Re1 $16 {1-0 Bakker,
S-Ondersteijn,N/Netherlands NED 2008/The Week in Chess 699 (49)}) 13... Be6 (
13... Qc7 14. cxb6 axb6 15. c4 Be6 $5 16. c5 Rfd8 (16... bxc5 17. Rxc5 Qd8 18.
a4 $16) 17. cxb6 Qd7 18. Bb1 (18. Rc3 $16) 18... Qe8 (18... Qb7 19. Qa4 Nc4 20.
Rxc4 Rxa4 21. Rxa4 $14) 19. Qe1 Nc4 20. Nc3 Rab8 21. Qe2 Nxb6 22. Bd3 $16 {
1-0 Prohaszka,P-Wittmann,W/Budapest 2007/CBM 120 ext (36)}) 14. c4 $1 (14. cxb6
axb6 {leads to a typical structure, in which White's extra pawn is unimportant.
Here is an example from the Foros tournament:} 15. c4 Qb8 16. Rc3 Rc8 17. Qc2
Bf8 18. Rb1 Bc5 19. Bxc5 Rxc5 20. Nc1 Qc7 21. Nb3 Rc6 22. Nd2 {1/2-1/2 Van
Wely,L-Eljanov,P/Foros UKR 2008/The Week in Chess 709}) 14... bxc5 (14... Rc8
15. cxb6 axb6 16. c5 $1 $16) 15. Bxc5 Bh6 $1 {A very important intermediate
move activating this bishop.} (15... Re8 $6 16. Be3 Re7 17. Qc2 Rd7 18. Rfd1
Nc6 19. a3 Qa5 20. Nc3 $1 Qxa3 21. Nd5 Rc8 22. Ra1 Qf8 23. Ra6 Nb4 24. Nxb4
Qxb4 25. Rb1 Qf8 26. c5 Bh6 27. Bxh6 Qxh6 28. c6 $16 {1-0 Topalov,V-Svidler,P/
Morelia/Linares 2006/CBM 112/[Krasenkow] (43)}) 16. Rc3 (16. Bxf8 Bxc1 17. Nxc1
Qxf8 (17... Kxf8 $11 {[%csl Rc4]}) 18. Qa4 Nb7 $6 (18... Qd8 $11 {[%csl Rc4]
[%cal Ra8c8]}) 19. Qc2 Rc8 20. Nb3 $14 {1-0 Zhou Jianchao-Sutovsky,E/
Khanty-Mansiysk 2007/CBM 122 (54)}) (16. Rc2 Re8 17. Nc3 Rc8 18. Bxa7 Re7 19.
Be3 Bxe3 20. fxe3 Nxc4 $44 21. Nd5 Bxd5 22. Bxc4 Bxe4 23. Rd2 Qc7 24. Bb3 Kg7
25. Qe2 Qb6 26. Qf2 Rc3 27. Bxf7 Qxe3 {1/2-1/2 Williams,S-Kurnosov,I/Dresden
2007/CBM 118}) (16. f4 Re8 17. f5 $5 (17. Be3 Re7 18. Qc2 Rd7 19. Rcd1 Bg4 (
19... Nc6 $5) 20. h3 exf4 21. Bxf4 {1/2-1/2 Zhou Jianchao-Li Chao/Beijing CHN
2008/The Week in Chess 710}) 17... Qc7 $1 18. Bf2 Bxc4 19. Bxc4 Nxc4 20. Nc3 $5
Nb2 (20... Bxc1 21. Nd5 Qd8 22. Qxc1 Nd6 23. Qe3 $44) 21. Nd5 Qxc1 22. Nf6+ Kg7
23. Nxe8+ Rxe8 24. f6+ Kg8 25. Qxc1 Bxc1 26. Rxc1 Nd3 27. Rc3 Nxf2 28. Kxf2 h5
$11 {1-0 Harikrishna,P-Sutovsky,E/Montreal 2007/CBM 119 (39)}) 16... Re8 17.
Ba3 (17. f4 Rc8 (17... Qc7 18. Be3 Red8 19. Qc1 {1-0 Miedema,R-Hunt,A/
Hilversum 2008/CBM 123 Extra (38)} Bg4 $5 $44) 18. Bxa7 Nxc4 19. Qc2 Qa5 20.
Bf2 Na3 21. Rxc8 Rxc8 $44 {Svidler}) 17... Qc7 $44 {White has kept his extra
pawn but the black pieces are placed much better.} (17... Rc8 18. c5 Bxa2 19.
Bb5 $16) (17... Nc6 $5 {Svidler}) 18. Qc2 (18. Bc1 $5) 18... Rab8 $1 $146 {
[%mdl 8] Black should play accurately as White's passed c4 pawn should not be
underestimated:} (18... Rec8 19. c5 Qc6 {is wrong as this square belongs to
the knight!} 20. Bc1 Bxc1 21. Rxc1 Rab8 22. h4 Rb4 23. Qd2 Ra4 24. R1c2 Rd8 25.
Qg5 Qc7 26. Ng3 Rdd4 27. Be2 Nc6 {too late!} 28. Bb5 Rab4 29. Bxc6 Qxc6 30.
Qxe5 $18 {1-0 Erdos,V-Hunt,D/Cappelle La Grande FRA 2008/The Week in Chess 694
(35)}) 19. c5 (19. Bc1 Bxc1 20. Qxc1 Red8 {[%cal Yc7c5]}) (19. Rb1 Rxb1+ 20.
Qxb1 Nxc4 $13) 19... Red8 20. c6 $6 {Black has good counterplay in any case
but after this move he simply recaptures this pawn. His pieces will be more
active and White will have to work hard to equalize.} (20. Bc1 Bxc1 21. Qxc1 (
21. Rxc1 Nc6) 21... Bxa2 22. h4 Nc6 $1 $132) 20... Rb6 $15 21. Rb1 $6 (21. Bc1
$142 {not losing a tempo} Bxc1 22. Rxc1 Nxc6 23. a3 {and White should hold on.}
) 21... Rxc6 {[%cal Ya5c4]} 22. Rxc6 Nxc6 23. Bc1 Bxc1 24. Rxc1 $2 {This
obvious move unexpectedly leads to material losses.} (24. Nxc1 Rc8 $17 {
[%cal Yc6d4]}) 24... Qd6 $1 {[%cal Rd6d3,Rc6b4] The d3 bishop is suddenly
trapped due to the weakness of White's first rank!} 25. Qxc6 (25. Bb5 Nb4 26.
Qa4 a6 $1 $19) 25... Qxc6 $2 {Black gains a pawn in this endgame but
unfortunately, he misses} (25... Qxd3 $1 26. Ng3 Rc8 27. Qxc8+ Bxc8 28. Rxc8+
Kg7 {winning the a2 pawn and the game}) 26. Rxc6 Rxd3 27. f4 $6 {White
destroys his own position. After} (27. f3 Bxa2 (27... Ra3 28. Nc3 {leading to
the rook endgame}) 28. Rc5 {he could have defended tenaciously.}) 27... Bg4 28.
Nc3 exf4 29. Nd5 Rd1+ 30. Kf2 Rd2+ 31. Kf1 Be2+ 32. Ke1 Rxa2 33. Nxf4 Bb5 $19 {
Black has a material and positional advantage (better position of pieces and
weakness of White's e4-pawn). The rest is easy.} 34. Rc8+ Kg7 35. Rc7 Ra4 36.
Ne6+ Kf6 37. Nc5 Ra2 38. g4 Re2+ 39. Kd1 Rxh2 40. g5+ Ke5 41. Rxf7 a5 0-1

[Event "Sochi FIDE GP"]
[Site "Sochi"]
[Date "2008.08.02"]
[Round "3"]
[White "Cheparinov, Ivan"]
[Black "Kamsky, Gata"]
[Result "1-0"]
[WhiteElo "2687"]
[BlackElo "2723"]
[Annotator "Krasenkow,M"]
[PlyCount "81"]
[EventDate "2008.07.31"]
[EventType "tourn"]
[EventRounds "13"]
[EventCountry "RUS"]
[EventCategory "19"]
[SourceTitle "CBM 126"]
[Source "ChessBase"]
[SourceDate "2008.10.01"]
[SourceVersion "1"]
[SourceVersionDate "2008.10.01"]
[SourceQuality "1"]

1. d4 Nf6 2. c4 g6 3. Nc3 d5 4. cxd5 Nxd5 5. e4 Nxc3 6. bxc3 Bg7 7. Bc4 c5 8.
Ne2 Nc6 9. Be3 O-O 10. O-O Na5 11. Bd3 b6 12. Qd2 (12. Rc1 {- see Van
Wely-Shirov in CBM 125.}) 12... e5 {The same idea as in the above-mentioned
game but White's plan is now different, of course.} 13. Bh6 {With this
exchange White intends to start a kingside attack. Practice has seen the
following alternatives:} (13. dxc5 {is harmless:} Be6 {[%cal Ra5c4]} 14. Rfd1
Qc7 15. cxb6 axb6 16. Bh6 Rfd8 17. Bxg7 Kxg7 $44 18. Qe3 $6 Bxa2 $1 19. Bc2 (
19. Rxa2 $2 Nc4) 19... Be6 20. Rxd8 Rxd8 21. Rd1 Ra8 22. Bd3 Nb7 23. h3 Ra2 24.
Rb1 Qc5 25. Qc1 Nd6 $17 {0-1 Ni Hua (2703)-Navara,D (2672)/Dagomys 2008/CBM
124 (29)}) (13. d5 f5 {with an inevitable ...f5-f4, e.g.} 14. Bg5 Qe8 $5 (14...
Qd7 15. exf5 gxf5 16. Ng3 Qxd5 17. Nh5 Bb7 18. f3 Rf7 19. Nxg7 Kxg7 20. Qe2 $44
{1-0 Volke,K (2472)-Lupor,S (2293)/Bad Wiessee 2007/CBM 121 Extra (36)}) (14...
Qd6 15. Bh6 f4 16. Bxg7 Kxg7 17. f3 c4 18. Bc2 g5 19. Kh1 Bd7 20. g3 Rae8 21.
gxf4 gxf4 22. Rg1+ Kh8 23. Rg5 Rg8 24. Rxg8+ Rxg8 25. Rg1 Rxg1+ 26. Nxg1 Nb7
27. Qe2 Qc5 28. Qg2 Qe7 29. Nh3 Nd6 $15 {1/2 Nielsen,P (2644)-Ivanchuk,V (2729)
/Monte Carlo 2006/CBM 111 ext (53)}) 15. f3 c4 16. Bc2 f4 17. Kh1 h6 18. Bh4 g5
19. Be1 Bd7 20. g3 Qh5 21. Ng1 Rf7 22. Qg2 Kh8 23. Bd1 Rg8 24. Rb1 Bf8 25. Be2
Bc5 $15 {0-1 Van Wely,L (2676)-Kamsky,G (2726)/Dagomys 2008/CBM 124 (48)}) (13.
dxe5 Be6 (13... Bxe5 14. Rad1 Be6 15. Bh6 Bg7 16. Bxg7 Kxg7 17. f4 f5 18. Qc2
Qe7 19. exf5 Bxf5 20. Bxf5 Rxf5 21. Ng3 Rf7 22. Rde1 Qh4 23. f5 $14 {1/2 Wang
Yue (2704)-Navara,D (2646)/Sochi RUS 2008/The Week in Chess 719 (69)}) 14. Rad1
Nc4 (14... Qe8 $5 15. Bh6 Nc4 16. Qc1 Bxh6 17. Qxh6 Nxe5 $13 18. Nf4 $6 Bxa2
19. c4 f6 20. Be2 Bxc4 21. Bxc4+ Nxc4 22. Nd5 Qf7 {0-1 Butnorius,A (2442)
-Greenfeld,A (2545)/Dublin IRL 2008/The Week in Chess 714 (28)}) 15. Bxc4 Bxc4
16. f4 Qe7 17. Qc2 Rad8 18. Rfe1 h5 19. Nc1 Qe6 20. Rd2 Bb5 21. Nb3 Qc4 22. Bf2
g5 $1 23. Bg3 gxf4 24. Bxf4 Qe6 25. Rd6 Rxd6 26. exd6 Qf6 27. Qf2 Qxc3 $13 {
0-1 Navara,D (2646)-Kamsky,G (2723)/Sochi RUS 2008/The Week in Chess 719 (40)})
13... cxd4 (13... f6 14. Bxg7 Kxg7 15. f4 (15. Qe3 $5) 15... cxd4 16. cxd4 Bg4
17. dxe5 (17. fxe5 fxe5 18. Rxf8 Qxf8 19. Qg5 Bxe2 20. Qxe5+ Kh6 $1 21. Bxe2
Re8 $11) 17... Bxe2 (17... Nc4 $1 18. Qc3 Rc8 19. exf6+ Rxf6 20. Qd4 Qxd4+ 21.
Nxd4 Rd6 22. Be2 Rxd4 23. Bxg4 Rf8 $11 {[%cal Rd4e4,Rc4d2,Rc4e3]}) 18. exf6+ (
18. Qxe2 $5 fxe5 19. f5) 18... Rxf6 19. Qxe2 Qd4+ 20. Kh1 Rxf4 21. Rxf4 Qxa1+
22. Rf1 Qe5 $11 {1-0 Li Chao2 (2590)-Howell,D (2561)/Gaziantep TUR 2008/The
Week in Chess 718 (137)}) 14. cxd4 exd4 15. Bxg7 Kxg7 16. f4 (16. Rac1 Bb7 17.
f4 Rc8 {and Black exchanges a crucial pair of rooks:} 18. Rxc8 Qxc8 (18... Bxc8
19. f5 Nc6 20. Nf4 Ne5 21. Nd5 {1/2 Peralta,F (2558)-Alonso,S (2437)/La Plata
ARG 2008/The Week in Chess 717}) 19. f5 Nc6 20. Rf3 Ne5 21. Rh3 Rh8 22. f6+ Kg8
23. Qh6 Qf8 24. Qxf8+ Kxf8 25. Nxd4 Ke8 26. Bb5+ Kd8 $11) 16... f6 (16... Bg4
17. f5 Bxe2 18. f6+ Kh8 19. Bxe2 {[%csl Rh8]}) 17. Rac1 Bg4 18. Ng3 {[%cal
Rf4f5]} Bd7 {Black could have actually ignored White's threat:} (18... Rc8 19.
f5 Nc6 20. h3 Bh5 {is OK}) 19. h4 Rc8 {The rooks are finally exchanged.
White's compensation for the pawn doesn't look convincing.} 20. Rxc8 (20. h5
Qe7 21. Ba6 Rxc1 22. Rxc1 Nc6 23. Bb5 Qd6 24. h6+ Kxh6 25. e5 Qd5 26. f5+ Kg7
$4 (26... g5) 27. exf6+ Rxf6 28. Qg5 Rd6 29. f6+ Kf8 30. Qh6+ Ke8 31. Bc4 {
1-0 Golichenko,I (2353)-Shishkin,V (2510)/Kyiv UKR 2008/The Week in Chess 701})
20... Bxc8 21. h5 Qe7 22. Qe2 (22. Rc1 $142 Bb7 23. Qf2 {not allowing Black to
swap the last pair of rooks and keeping up the pressure.}) 22... Bd7 23. Rc1
Rc8 24. Re1 $6 (24. Rxc8 {is too gloomy but now Black starts a strong
counterattack.}) 24... Rc3 25. e5 f5 26. hxg6 hxg6 27. Qd2 Nc4 (27... Qa3 $5
28. e6 Be8 29. Bxf5 $1 Nc6 30. Ne2 gxf5 31. Nxc3 dxc3 $17) 28. Bxc4 Rxc4 29.
Qd3 Qc5 30. e6 Bb5 $19 31. Nh5+ {This desperate attempt pays off in time
trouble.} (31. e7 Rc1 $19) 31... Kh6 $1 (31... gxh5 32. Qg3+ Kh7 33. Re5 {
is less clear.}) 32. Qh3 (32. Nf6 Rc3 $19) 32... d3+ 33. Kh2 gxh5 34. Qh4 Be8
35. Re5 Qf8 36. Qg5+ Kh7 37. Rxf5 Qg7 38. Qd8 Rc2 $2 (38... d2 {was good
enough as after} 39. Rg5 (39. Qxd2 Qg4) 39... Qf8 40. Rxh5+ Bxh5 41. Qxf8 d1=Q
42. Qe7+ Kg8 43. Qg5+ Kf8 {White has no perpetual; however, the most
convincing was}) (38... h4 $1 {[%cal Rg7g3]} 39. Rg5 (39. Qxh4+ Qh6) 39... Qc7
40. Qxd3+ Kh8 $19 {[%cal Rc7f4,Rc4f4]}) 39. Rg5 Qc7 $4 {[%mdl 8192] A final
blunder.} (39... Bg6 {still retained most of Black's advantage:} 40. Rg3 $1 (
40. f5 Qe5+ 41. Rg3 Qxf5) 40... Rc7 $1 {[%cal Rg7e7]} 41. f5 Qe5 42. fxg6+ Kg7
43. Qg5 $8 Qxg5 44. Rxg5 Re7 45. Rd5 Kxg6 46. Rxd3 Rxe6 {and Black should
bring home his extra pawn.}) 40. Qxd3+ Kh6 41. Qf5 (41. Qf5 Qe7 $8 42. Qxc2 $18
) 1-0